Co je co? : Příručka pro každý den

Saved in:
Bibliographic Details
Other Authors: Reisenauer, Roman (Compiler)
Format: Book
Language:Czech
Published: Praha : ČTK, 1978
Tags: Add Tag
No Tags, Be the first to tag this record!

MARC

LEADER 00000nam a22000003a 4500
001 stu205352
005 20240130141047.9
008 100617s1978----cs------------------cze-d
040 |a STU  |b slo 
041 0 |a cze 
044 |a cs 
080 |a 55  |7 stu_us_auth*stu7117 
080 |a 91 
080 |a 003 
100 1 |a Reisenauer, Roman  |4 com 
245 1 |a Co je co? :  |b Příručka pro každý den 
260 |a Praha :  |b ČTK,  |c 1978 
300 |a 589 s 
996 |b 284V035721  |c V*17225/O-6338  |l VVS  |s A  |a 24  |w stu205352_0001 
996 |b 284V040604  |c V* 52581/O-23738  |l VVT  |s A  |a 24  |w stu205352_0004